00361nam a2200133 a 45000010010000000030011000100080041000210350026000620820016000881000028001042450042001322600039001746500014002130000-9220ELIB.Books110520 1929  a(ELIB.Books)0000-9372 a234.2 bFle aFleming, Daniel Johnson aWays of Sharing with the Other Faiths bNew York: Association Press c1929 aSalvation